| 000 | 00432nam a2200157 a 4500 | ||
|---|---|---|---|
| 005 | 20140310183320.0 | ||
| 008 | 060303s19uu xx 00 eng d | ||
| 020 | _a0451192613 | ||
| 050 |
_aPS 3570.A52 _b.T164 1998 |
||
| 100 | _aTanenbaum, Robert K. | ||
| 245 |
_aIrresistible impulse / _cRobert K. Tanenbaum. |
||
| 260 |
_aNew York : _bPenguin Group, _c1998. |
||
| 300 |
_a445 p. : _c18 cm. |
||
| 942 |
_cBK _2lcc |
||
| 999 |
_c21380 _d21380 |
||